| 000 | 00405nam a2200157Ia 4500 | ||
|---|---|---|---|
| 008 | 230524s9999 xx 000 0 und d | ||
| 082 |
_a621.382 _bRIE |
||
| 100 | _aHeinz Rieger | ||
| 245 | 0 | _aPower and Energy in Alternating-Current-Circuits Pi-14 | |
| 250 | _a1ST | ||
| 260 |
_aNEW DELHI _bWiley Eastern _c1989 |
||
| 300 | _a68 | ||
| 500 | _aQuantity Number: 2 | ||
| 650 | _aElectrical | ||
| 942 | _cBK | ||
| 999 |
_c20284 _d20284 |
||